Najbogatsze Osoby na świecie - Statystyki

Ogólne statystyki
  • Ten quiz został rozwiązany 20 razy
  • Średni wynik to 2 z 7
Statystyki odpowiedzi
Majątek Osoba % Poprawnych
238 mld $ Elon Musk
100%
140 mld $ Bill Gates
67%
178 mld $ Jeff Bezos
50%
129 mld $ Mark Zukerberg
6%
179 mld $ Bernard Arnault
0%
127 mld $ Larry Page
0%
130 mld $ Steve Ballmer
0%
Nie znaleziono quizów pasujących do podanych kryteriów
Rozkład punktacji
Procent ludzi z każdym wynikiem
Percentyl według liczby udzielonych odpowiedzi
Twoja historia wyników
Nie rozwiązałeś tego quizu